Elektroanalytické aplikácie nanomateriálových transportných systémov antivírusových liečiv
Enregistré dans:
| Auteur principal: | |
|---|---|
| Autres auteurs: | |
| Format: | Manuscrit Livre |
| Langue: | slovaque |
| Publié: |
2022
|
| Sujets: | |
| Accès en ligne: | http://is.stuba.sk/zp/portal_zp.pl?podrobnosti=157701 |
| Tags: |
Pas de tags, Soyez le premier à ajouter un tag!
|
MARC
| LEADER | 00000ntm a22000003a 4500 | ||
|---|---|---|---|
| 001 | stuzp90414 | ||
| 003 | SK-STU | ||
| 005 | 20220625211850.5 | ||
| 007 | ta | ||
| 008 | 150427s2015----xo-----f-mn---000-0-slo-d | ||
| 040 | |a STU |b slo | ||
| 041 | 0 | |a slo | |
| 100 | 1 | |a Medveďová, Natália |u 041000 |4 aut |U FCHPT Fakulta chemickej a potravinárskej technológie |T FCHPT Ústav analytickej chémie |X 105216 |U C1000 |Y 99 |7 105216 | |
| 242 | 0 | 1 | |a Electroanalytical applications of nano-material transport systems of antiviral drugs |y eng |
| 245 | 1 | 0 | |a Elektroanalytické aplikácie nanomateriálových transportných systémov antivírusových liečiv |
| 260 | |c 2022 | ||
| 650 | 4 | |a Ivermektín |2 slo | |
| 650 | 4 | |a sieťotlačová elektróda |2 slo | |
| 650 | 4 | |a UV-VIS |2 slo | |
| 650 | 4 | |a elektroanalytické metódy |2 slo | |
| 650 | 4 | |a nanomateriály |2 slo | |
| 650 | 4 | |a screen-printed electrode |2 eng | |
| 650 | 4 | |a electroanalytical methods |2 eng | |
| 650 | 4 | |a nanomaterials |2 eng | |
| 650 | 4 | |a Ivermectin |2 eng | |
| 650 | 4 | |a UV-VIS |2 eng | |
| 700 | 1 | |a Blaškovičová, Jana |u 041000 |k Z1 |4 ths |U FCHPT Fakulta chemickej a potravinárskej technológie |T FCHPT Ústav analytickej chémie |X 66699 |U C1000 |Y 99 |7 A0000066699 | |
| 856 | 4 | |u http://is.stuba.sk/zp/portal_zp.pl?podrobnosti=157701 | |